Ludność państwa – wschód czy zachód? - Statystyki

Ogólne statystyki
  • Ten quiz został rozwiązany 10 209 razy
  • Średni wynik to 12 z 15
Statystyki odpowiedzi
Zagadnienie Odpowiedź % Poprawnych
Chiny Wschód
91%
Australia Wschód
86%
Portugalia Zachód
84%
Brazylia Wschód
81%
Senegal Zachód
81%
Rosja Zachód
81%
Turcja Zachód
79%
Peru Zachód
78%
Stany Zjednoczone Wschód
76%
Niemcy Zachód
76%
Argentyna Wschód
74%
Irlandia Wschód
71%
Dania Wschód
69%
Pakistan Wschód
67%
Syria Zachód
65%
Nie znaleziono quizów pasujących do podanych kryteriów
Rozkład punktacji
Procent ludzi z każdym wynikiem
Percentyl według liczby udzielonych odpowiedzi
Twoja historia wyników
Nie rozwiązałeś tego quizu